000 00416nam a2200157 i 4500
001 75272
003 ES-MaACL
005 20230906172406.0
007 t|
008 040923s1948 sp ||||1| spa d
100 1 _aGrámer, E.
_959540
245 1 0 _aMercados
_b: la moneda : los precios /
_cE. Grámer.
260 _aMadrid :
_bGrámer,
_c1948.
300 _a696 p. ;
_c24 cm.
852 _aES-MaACL
_jC-5574
_bR.26332
999 _c75272
_d75272